The Quiz of Hitler - Statistics

General Stats
  • This quiz has been taken 303 times
  • The average score is 10 of 24
Answer Stats
Hint Answer % Correct
What Hitler wanted to be before politics Artist
97%
Hitler's country of Birth Austria-Hungary
97%
Hitler's title from August 1934 Fuhrer
71%
Autobiographical manifesto he wrote there Mein Kampf
71%
Hitler's wife Eva Braun
63%
What Hitler rarely or never ate Meat
61%
City where Hitler led a failed Putsch in November 1923 Munich
60%
Where Hitler unsuccessfully tried to study the above Vienna
56%
Paramilitary unit founded in 1925 as Hitler's personal bodyguard Schutzstaffel
55%
President who appointed Hitler as Chancellor in January 1933 Paul von Hindenburg
47%
Poison Hitler used to commit suicide Cyanide
44%
Gallantry medal Hitler won in WWI Iron Cross
38%
Hitler's favourite composer Richard Wagner
38%
Hitler's successor (as Chancellor) Joseph Goebbels
30%
Name of Hitler's father Alois Hitler
29%
Hitler's deputy who flew to Scotland in May 1941 Rudolf Hess
29%
Paramilitary rival Hitler executed in 1934 Ernst Röhm
26%
Name of Hitler's mother Klara Pölzl
19%
Failed rogue Wehrmacht operation to kill Hitler on 20th July 1944 Valkyrie
18%
Law passed in March 1933 granting Hitler unchecked power Enabling Act
17%
Hitler's holiday home in Obersalzburg, Bavaria The Berghof
10%
Prison where Hitler was incarcerated for 264 days following the Putsch Landsberg
7%
Hitler's predecessor as head of the Nazi Party Anton Drexler
6%
What allied propaganda claimed Hitler chewed when he was angry The carpet
3%
No matching quizzes found
Score Distribution
Percent of People with Each Score
Percentile by Number Answered
Your Score History
You have not taken this quiz